000 00609nam a2200181Ia 4500
008 100917s9999 xx 000 0 und d
082 _b32015
100 _aजोशी महादेवशास्त्री
245 _aवरदराज (कथा कौमुदी)
260 _bइंडिया बुक कंपनी
_c1977
300 _a64
365 _b4
520 _aबालविभाग
630 _aवरदराज (कथा कौमुदी)
650 _aबालविभाग
730 _aवरदराज (कथा कौमुदी)
942 _cBOOK
999 _c637409
_d637406